Générique Adrien le sauveur du monde - Paroles - Statistiques

Statistiques générales
  • Ce quiz a été pris 4 fois
  • Le résultat moyen est 7 sur 16
Statistiques - réponses
Paroles % Correct
Adrien sauve le {monde}
100%
Contre les {méchants}
75%
Adrien sauve le {monde}
50%
Adrien sauve le {monde}
50%
Ce courage qui te rend si {fort}
50%
Contre les {méchants}
50%
Mais tu as dans le {coeur}
50%
Quand le bruit des {armes} gronde
50%
Quand le bruit des {armes} gronde
50%
C'est bien toi le plus {grand}
25%
C'est bien toi le plus {grand}
25%
Quand tu combats sans {peur}
25%
Te battre à chaque {seconde}
25%
Tu es bien {jeune} encore
25%
Pour sauver la {liberté}
0%
Va sans {hésiter}
0%
Aucun quiz correspondant
Distribution des résultats
% des personnes avec chaque résultat
Percentile par nombre de réponses
Votre historique - résultats
Vous n’avez pas pris ce quiz